000 00337nam a2200169Ia 4500
100 _aRamachandran/S
650 _aVLSI
942 _cRB
366 _f25
654 _aVLSI
245 _aDigital VLSI system design
260 _bSpringer
_c2007
082 _a621.395
_bRAM
300 _a709
546 _aENGLISH
_cTTL
999 _c22976
_d22976